|
|
|
|
| LEADER |
01075cam a22002534a 4500 |
| 001 |
14367361 |
| 003 |
GR-PaULI |
| 005 |
20211018141603.0 |
| 008 |
211018s2004 fr a g bq 001 0 fre d |
| 952 |
|
|
|0 0
|1 0
|2 ddc
|4 0
|6 791_430000000000000_233_092_HEN
|7 0
|9 329549
|a THST
|b THST
|d 2021-10-18
|i 000017
|l 0
|o 791.430 233 092 HEN
|p 025000275176
|r 2021-10-19 00:00:00
|t 1
|w 2021-10-19
|y BK15
|
| 999 |
|
|
|c 184434
|d 184434
|
| 010 |
|
|
|a 2006466420
|
| 020 |
|
|
|a 2847060391
|
| 040 |
|
|
|a DLC
|c DLC
|b gre
|d GR-PaULI
|e AACR2
|
| 082 |
0 |
4 |
|2 23
|a 791.430 233 092
|
| 245 |
0 |
3 |
|a Le cinéma militant reprend le travail /
|c dirigé par Guy Gautier et Thomas Heller ... [et al.].
|
| 260 |
|
|
|a Condé-sur-Noireau :
|b Corlet ;
|a [Paris] :
|b Télérama,
|c c2004.
|
| 300 |
|
|
|a 340 σ. :
|b εικ. ;
|c 24 εκ.
|
| 490 |
0 |
|
|a CinémAction,
|x 1241-8161 ;
|v no 110
|
| 504 |
|
|
|a Περιλαμβάνει βιβλιογραφία (σ. 331-332), φιλμογραφία και ευρετήριο.
|
| 650 |
|
0 |
|a Motion pictures
|x Political aspects
|z France.
|
| 700 |
1 |
|
|a Gauthier, Guy.
|
| 700 |
1 |
|
|a Heller, Thomas.
|
| 942 |
|
|
|2 ddc
|c BK15
|